| 000 | 00560nam a2200181Ia 4500 | ||
|---|---|---|---|
| 005 | 20250508163338.0 | ||
| 008 | 008 250505s9999 xx 000 0 eng d | ||
| 037 | _aDissertations | ||
| 040 |
_aFEDL _beng _cFEDL |
||
| 041 |
_aeng _2eng |
||
| 084 |
_a370.7, COM/DI _qFEDL |
||
| 245 | 0 | _aComparative verbal interaction analysis of biology teachers of public schools and government schools | |
| 260 | _c1985 | ||
| 300 | _a69p. | ||
| 546 | _aM.Ed. Dissertation (Delhi University) | ||
| 942 |
_cDIS _h370.7, COM/DI |
||
| 999 |
_c1382455 _d1382455 |
||